02618nam a2200337 4500008004100000022001800041245012700059260004600186300001900232310001800251362001600269505008000285505007200365505016300437505015200600505014800752505008600900505018800986505019301174505019701367505017701564505012301741505006601864505006701930505006401997505010402061650001102165650002602176700003902202700003902241240228b ||||| |||| 00| 0 spa d a978987301677610aRevista de Derechos de daños :bresponsabildad civil - I /cJorge Mosset Iturraspe ; Ricardo Luis Lorenzetti directores. aBuenos Aires :bRubinzal Culzoni, c2025. a742 p.c22 cm. acuatrimestral aNo.1 (2025) t Bases constitucionales de la responsabilidad civil / rFernando Braceiro. tResponsabilidad: una mirada general del tema / rMariano Gagliard. tResponsabilidad civil y causales de justificación. posibles desafíos para su aplicación en supuestos donde interviene la IA / rG. Elizabeth Schmieloz. tEl principio general del derecho a la prevención del daño y la responsabilidad civil preventiva. enfoque conceptual / r Jorge Mario Galdós. tEl límite de responsabilidad civil por incumplimiento: imposibilidad de cumplir e inexigibilidad de la prestación /rFederico Carlos Wayar. tEximente de responsabilidad por el hecho del damnificado / r Mariano R. Zurueta. tResponsabilidad por caso fortuito o por imposibilidad de cumplimiento - análisis del artículo 1733 del código civil y comercial de la nación argentina /r Marcial Sorazábal. tEl hecho de un tercero - la impronta de la jurisprudencia a la hora de evaluar la eximente de responsabilidad civil frente a los casos de inseguridad y de vandalismo / r Aldo M. Di Vito. tEl Consentimiento Del Damnificado Como Eximente De Responsabilidad - Análisis Del Artículo 1720 Del Código Civil Y Comercial Argentino /r José Fernando Márquez y Florencia Bollatti. tArtículo 1725 del código civil y comercial. valoración de la conducta con especial atención a los profesionales liberales / rr Rodrigo Padilla y Luciana Busnelli. t“Caso fortuito” y “fuerza mayor”, características, generalidades y casuística /rAnalía Victoria Romero. tDeber de reparar. antijuridicidad /rEnrique Carlos Müller. tLa prueba en los procesos de daños / rAbraham Luis Vargas. tFactores de atribución /r Roberto A. Vázquez Ferreyra. tRelación causal. tipo de consecuencias. previsibilidad contractual / rFernando Alfredo Sagarna. 0aDAÑO 0aRESPONSABILIDAD CIVIL aMosset Iturraspe, Jorge edirector aLorenzetti, Ricardo Luisedirector